000 00644cab a2200265 4500
001 X1858
008 090401t1995 xxu||||| |||| 00| 0 eng d
035 _a(Sirsi) u19970
041 _aeng
245 _aMembers` affairs: SST
260 _c1995
350 _a0
490 _aCSM (Chartered Surveyor Monthly)
_v4(3) January 1995, 61-62(2)
650 _aAGM
650 _aCPD
650 _aIMAGE
650 _aPARTNERSHIP
650 _aPROMOTION
650 _aRECRUITMENT
650 _aRICS
650 _aVALUATION OFFICE
690 _aMANAGEMENT-BUSINESS MANAGEMENT-PROFESSIONAL PRACTICE
942 _n0
948 _c04/03/1997
999 _c13383
_d13383